000 00684nam a2200217Ii 4500
003 JO-AjNU
008 230605s9999||||xx |||||||||||||| ||und||
017 _a2002/5087
020 _a9959-820-12-2
040 _aJO-AjNU
_bara
_erda
_cJO-AjNU
041 _aara
050 1 4 _aS494.5.G46A92 2002
100 3 _aعواد ، محسن محارب ,
_eauthor
_98952
245 0 0 _aمدخل الى الجغرافية الزراعية
264 3 1 _aليبيا:دار شموع الثقافة ، 2002
300 _a256ص
336 _atext
_btxt
_2rdacontent
337 _aunmediated
_bn
_2rdamedia
338 _avolume
_bnc
_2rdacarrier
650 4 _aالجغرافيا الزراعية
_98953
999 _aA1050
_c4618
_d4618